LEADER 01292nam a2200325 u 4500 001 000000033143 003 CaOOAMICUS 005 20070226112330.0 008 971028s1977 fr u000 u fre u 020 $a2204011258 035 $a10774637 040 $aPUL$bita 041 1 $afre$hger 100 1 $aHengel, Martin,$d1926-$0(OLS)http://pul/name/6030 240 10$aSohn Gottes.$lFrancese.$0(OLS)http://pul/title/45649 245 10$aJésus, fils de Dieu /$cMartin Hengel ; traduit de l'allemand par A. Liefooghe. 260 $aParis :$bCerf,$c1977. 300 $a150 p. ;$c22 cm 490 1 $aLectio divina ;$v94 700 1 $aLiefooghe, A.$0(OLS)http://pul/name/12003 830 0$aLectio divina ;$v94.$0(OLS)http://pul/title/3461 850 $aPUL 852 $aPUL$W1$xSL Religione 1$y3$m9 I 94$j45552$nBK-PRI$b $qStampati$B45552$CPULBib$Z2$F45552 $H $81 852 $aPUL$W1$xDP1 Fondo Bordoni$y120$m3 D 24.94$j172364$qFondi$B174014$CPULBib$Z2$F174014 $HBor1295 $81 941 1 $a1 941 1 $a8 961 $aINV: 46971 996 $6020$a2204011258$9(OLS)http://pul/number/41690 996 $6245$aJésus, fils de Dieu$9(OLS)http://pul/title/45650 996 $6260$aParis :$bCerf$9(OLS)http://pul/publisher/48238 LEADER 01095nam a2200241 a 4500 001 000000118501 003 CaOOAMICUS 005 20091202112307.0 008 091202s1969 ua a u000 u eng r 040 $aPUL$bita$dCP 100 1 $aGalwash, Ahmad A.$0(OLS)http://pul/name/73908 245 14$aThe religion of Islam :$ba standard book, companion and introductory to the Koran /$cby Ahmad A. Galwash. 250 $a4. ed. 260 $aCairo :$bAl-Shaab,$c1969. 300 $a2 v. :$bill. ;$c25 cm 505 1 $aV. 2. Comprising practical devotions, transactions, penal laws ... 630 04$aCorano$xIntroduzioni.$0(OLS)http://pul/subject/35978 650 4$aIslam$xReligione.$0(OLS)http://pul/subject/35922 850 $aPUL 852 $aPUL$W1$xDP1 Cons. Gen., Altre Classi 1$y22$m780 I 73$j135944$qV. 2$qStampati$B134932$CPULBib$Z2$F134932 $H67466 $82 941 1 $a8 996 $6245$aThe religion of Islam :$ba standard book, companion and introductory to the Koran$9(OLS)http://pul/title/149143 996 $6260$aCairo :$bAl-Shaab$9(OLS)http://pul/publisher/80953 LEADER 00897naa a2200217 u 4500 001 000000099248 003 CaOOAMICUS 005 20070226130158.0 008 050929s1988 it u000 u ita u 035 $a11060770 040 $aIAR$bita 100 1 $aMiccoli, Giovanni,$d1933-2017.$0(OLS)http://pul/name/5196 245 12$aL'esegesi di Ez. 3,18 in Francesco d'Assisi /$cGiovanni Miccoli. 260 $aBologna :$bEd. Dehoniane,$c1988. 300 $aS. 23-56 ;$c22 cm 630 04$aBiblia.$pV.T.$pEzechiel.$nIII, 18.$0(OLS)http://pul/subject/31732 730 0 $aCristianesimo nella storia$g[Spogli].$0(OLS)http://pul/title/7312 773 0 $aCristianesimo nella storia ;.$tvol. IX/1 (1988) 773 0 $tCristianesimo nella storia$w()5012 996 $6245$aL'esegesi di Ez. 3,18 in Francesco d'Assisi$9(OLS)http://pul/title/126127 996 $6260$aBologna :$bEd. Dehoniane$9(OLS)http://pul/publisher/48282